000 00742cam a2200265Ia 4500
008
020 _a0340867574 (pbk.)
049 0 _aMAIN
090 _aBL51 THO
100 1 _aThompson, Mel.
245 1 0 _aPhilosophy of religion /
_cMel Thompson.
246 1 8 _aTeach yourself philosophy of religion.
260 _aLondon :
_bHodder Headline,
_c2003.
300 _avii, 277 p. ;
_c20 cm.
440 _aTeach yourself books.
500 _aIncludes index.
504 _aIncludes bibliographical references.
650 _aPhilosophy.
650 0 _aReligion.
907 _a.b10254171
_b25-04-08
_c09-04-08
003
005 20230123124905.0
040 _cNUST
942 _cBOOKS
_kBL51 THO
999 _c132051
_d132051